[Event "AUS-ch"]
[Site "Parramatta"]
[Date "2008.01.05"]
[Round "6"]
[White "Suttor, Vincent"]
[Black "Capilitan, Romeo"]
[Result "1/2-1/2"]
[WhiteElo "2139"]
[BlackElo "2134"]
[PlyCount "36"]
[EventDate "2008.01.02"]
[EventType "swiss"]
[EventRounds "11"]
[EventCountry "AUS"]
[SourceTitle "CBM 122 Extra"]
[Source "ChessBase"]
[SourceDate "2008.03.04"]
[SourceVersion "1"]
[SourceVersionDate "2008.03.04"]
[SourceQuality "1"]

1. d4 Nf6 2. c4 e6 3. Nf3 b6 4. g3 Bb7 5. Bg2 Bb4+ 6. Bd2 Qe7 7. 0-0 Bxd2 8. Qxd2 d6 9. Nc3 Nbd7 10. Rfe1 0-0 11. e4 e5 12. Rac1 Rfe8 13. Qc2 a5 14. Re2 g6 15. Rce1 Qf8 16. Nb5 Rac8 17. Na7 Ra8 18. Nb5 Rac8 1/2-1/2

[Event "AUS-ch"]
[Site "Parramatta"]
[Date "2008.01.04"]
[Round "5"]
[White "Stojic, Dusan"]
[Black "Capilitan, Romeo"]
[Result "1-0"]
[WhiteElo "2155"]
[BlackElo "2134"]
[PlyCount "79"]
[EventDate "2008.01.02"]
[EventType "swiss"]
[EventRounds "11"]
[EventCountry "AUS"]
[SourceTitle "CBM 122 Extra"]
[Source "ChessBase"]
[SourceDate "2008.03.04"]
[SourceVersion "1"]
[SourceVersionDate "2008.03.04"]
[SourceQuality "1"]

1. e4 Nc6 2. Nf3 e5 3. Bb5 a6 4. Ba4 Nf6 5. 0-0 Be7 6. Re1 b5 7. Bb3 d6 8. c3 Na5 9. Bc2 c5 10. h3 Qc7 11. d4 0-0 12. Nbd2 Rd8 13. Nf1 Nc4 14. Ng3 Bd7 15. Bd3 cxd4 16. cxd4 exd4 17. Nxd4 Ne5 18. Bf1 Rac8 19. Ngf5 Bxf5 20. Nxf5 Bf8 21. Bg5 Ned7 22. Rc1 Qb8 23. Qd4 Rc5 24. Rcd1 Rdc8 25. Re3 Re5 26. Bf4 g6 27. Nxd6 Bxd6 28. Qxd6 Qxd6 29. Rxd6 Re6 30. Rd1 Nb6 31. f3 Kg7 32. Re2 Nh5 33. Bh2 g5 34. Red2 Nf4 35. Bxf4 gxf4 36. Kf2 Kf6 37. g3 Ke5 38. g4 h5 39. g5 h4 40. Rd5+ 1-0

[Event "New South Wales-ch"]
[Site "Sydney"]
[Date "2005.10.16"]
[Round "7"]
[White "Fuller, Maxwell L"]
[Black "Capilitan, Romeo"]
[Result "1/2-1/2"]
[WhiteElo "2275"]
[BlackElo "2150"]
[PlyCount "84"]
[EventDate "2005.08.21"]
[EventType "swiss"]
[EventRounds "9"]
[EventCountry "AUS"]
[SourceTitle "EXT 2010"]
[Source "ChessBase"]
[SourceDate "2010.11.25"]
[SourceVersion "1"]
[SourceVersionDate "2010.11.25"]
[SourceQuality "1"]

1. d4 Nf6 2. c4 e6 3. Nc3 b6 4. e4 Bb7 5. d5 Bb4 6. Bd3 exd5 7. exd5 0-0 8. Nge2 c6 9. 0-0 cxd5 10. cxd5 Bxc3 11. Nxc3 d6 12. Bg5 h6 13. Bh4 Nbd7 14. f4 a6 15. Bf5 Qc7 16. Rc1 Qc5+ 17. Kh1 Qa5 18. Qf3 b5 19. Qh3 Bc8 20. Ne2 Qxa2 21. Rxc8 Raxc8 22. Bxf6 Nxf6 23. Bxc8 Qxb2 24. Ng3 a5 25. Bf5 Re8 26. Bb1 a4 27. Nf5 Qf2 28. Qf3 Qxf3 29. gxf3 b4 30. Nxd6 Rd8 31. Rc1 Nxd5 32. Nb5 Nxf4 33. Be4 a3 34. Nd4 g6 35. Nc6 Rd2 36. Nxb4 f5 37. Bc2 Nh3 38. Ra1 Nf2+ 39. Kg1 Nh3+ 40. Kh1 Nf2+ 41. Kg1 Nh3+ 42. Kh1 Nf2+ 1/2-1/2

[Event "New South Wales-ch"]
[Site "West Ryde"]
[Date "2004.??.??"]
[Round "4"]
[White "Capilitan, Romeo"]
[Black "Minir, Nanavati"]
[Result "1-0"]
[WhiteElo "2005"]
[BlackElo "2117"]
[PlyCount "75"]
[EventDate "2004.10.??"]
[EventType "swiss"]
[EventRounds "9"]
[EventCountry "AUS"]
[SourceTitle "EXT 2006"]
[Source "ChessBase"]
[SourceDate "2005.11.24"]
[SourceVersion "1"]
[SourceVersionDate "2005.11.24"]
[SourceQuality "1"]

1. e4 c5 2. Nc3 Nc6 3. f4 d6 4. Nf3 g6 5. Bc4 Bg7 6. 0-0 Nf6 7. d3 0-0 8. a3 a6 9. a4 e6 10. Ba2 Rb8 11. Ne2 d5 12. e5 Nd7 13. c3 b5 14. d4 b4 15. Be3 c4 16. g4 b3 17. Bb1 Ne7 18. Ng3 a5 19. f5 exf5 20. gxf5 gxf5 21. Nxf5 Nxf5 22. Bxf5 Qb6 23. Qe1 h6 24. Kh1 Re8 25. Qg3 Nf8 26. Nh4 Rb7 27. Rg1 Ng6 28. Bxc8 Rxc8 29. Nf5 Qe6 30. Raf1 Qe8 31. Nd6 Qc6 32. Nxb7 Qxb7 33. e6 Qc6 34. exf7+ Kh7 35. h4 Bf8 36. h5 Qe6 37. hxg6+ Kg7 38. Bxh6+ 1-0